[Event "Rostock op"]
[Site "Rostock"]
[Date "2008.08.31"]
[Round "7"]
[White "Joensch, Robert"]
[Black "Boehm, Matthias"]
[Result "0-1"]
[WhiteElo "1577"]
[BlackElo "1756"]
[PlyCount "62"]
[EventDate "2008.08.28"]
[EventType "swiss"]
[EventRounds "7"]
[EventCountry "GER"]
[SourceTitle "CBM 126 Extra"]
[Source "ChessBase"]
[SourceDate "2008.11.05"]
[SourceVersion "1"]
[SourceVersionDate "2008.11.05"]
[SourceQuality "1"]

1. e4 c6 2. d4 d5 3. e5 Bf5 4. Nc3 e6 5. g4 Bg6 6. Nge2 f6 7. Nf4 Bf7 8. exf6 gxf6 9. Qe2 Qe7 10. g5 fxg5 11. Qe5 Nf6 12. Qxg5 Nbd7 13. Be3 Rg8 14. Qh4 e5 15. dxe5 Nxe5 16. 0-0-0 d4 17. Bxd4 Rg4 18. Qh3 Rxf4 19. Bxe5 Qxe5 20. Bc4 Be7 21. Bxf7+ Kxf7 22. Rhe1 Qg5 23. Qe6+ Kg6 24. Kb1 Bb4 25. f3 Re8 26. Qb3 Rxe1 27. Rxe1 Bxc3 28. Qxc3 Nd5 29. Qc5 Rxf3 30. Rg1 Nc3+ 31. bxc3 Rf1+ 0-1

[Event "Rostock op"]
[Site "Rostock"]
[Date "2008.08.30"]
[Round "5"]
[White "Schreiber, Nico"]
[Black "Joensch, Robert"]
[Result "1-0"]
[WhiteElo "1685"]
[BlackElo "1577"]
[PlyCount "58"]
[EventDate "2008.08.28"]
[EventType "swiss"]
[EventRounds "7"]
[EventCountry "GER"]
[SourceTitle "CBM 126 Extra"]
[Source "ChessBase"]
[SourceDate "2008.11.05"]
[SourceVersion "1"]
[SourceVersionDate "2008.11.05"]
[SourceQuality "1"]

1. d4 d5 2. Nf3 c6 3. c3 Bf5 4. Bf4 e6 5. Nbd2 Nf6 6. e3 a6 7. Be2 Nbd7 8. Bg3 Be7 9. 0-0 0-0 10. Nh4 Bg6 11. Nxg6 fxg6 12. Qc2 Qe8 13. e4 Rc8 14. Rae1 Qf7 15. e5 Ne8 16. Nb3 c5 17. Qd1 cxd4 18. Nxd4 h5 19. h4 Nc7 20. Bf3 Rfd8 21. a3 Kh8 22. Re3 Nb6 23. Be2 Bf8 24. Bd3 Nc4 25. Rf3 Qe8 26. Qc2 Kh7 27. Bf4 Be7 28. Rg3 Kg8 29. Bxg6 Qf8 1-0